00360nam a2200133 a 4500008004100000020001500041050001600056100002600072245003400098246002100132260004700153300001700200350000900217120416s1981 ||||||||||||||||| || u a0442307268 aHG 4026 Sam aSamuels, John Malcolm10aManagement of company finance astudent's manual aWokingham, [Berkshire]bVan Nostrandc1981 a183p. : ill. a0.00